000 00386nam a2200157Ia 4500
008 230917s9999||||xx |||||||||||||| ||und||
020 _cRS350
040 _e12407
_aMAIN
041 _aEnglish
082 _a301.446 B21T
100 _aBall, V
245 0 _aTribal and peasant life in ninetenth century India
260 _aNew Delhi
_bUsha
_c1985
300 _axv, 702 p.
942 _cBK
999 _c46445
_d46445